00627cam a22001691 450008200190000010000320001924500420005126000420009330000710013550000240020652600370023065000130026765000330028094200120031399900190032595201130034400a940.4bGEOcD.2 aLloyd George, David,94926010aWar memoirs of David Lloyd George ... aLondon,bOdhams press limitedc[1942] a2 v.bfront., illus. (incl. maps, facsims.) plates, ports.c22 cm. aPaged continuously. a0b0c0d940_400000000000000_GEO 0aMCE9379 0aWorld War, 1914-1918.928173 2ddccBK c552351d552351 00102ddc4070aMCEbMCEcArchive Sectiond2015-01-14l0o940.4 GEOpMCE-ECM/30r2015-01-14w2015-01-14yBK